|
|
|
|
| LEADER |
02093Cam#a22004095a#4500 |
| 001 |
026914 |
| 003 |
AR-BeUNQ |
| 005 |
20190812145804.0 |
| 008 |
141112s2005||||sp d ##f #000|0#spa#d |
| 999 |
|
|
|c 24686
|d 100073
|
| 020 |
|
|
|a 9788448198510
|
| 040 |
|
|
|a AR-BeUNQ
|b spa
|e aacr
|
| 044 |
|
|
|a sp
|
| 082 |
0 |
4 |
|a 540
|2 21
|
| 100 |
1 |
|
|a Fernández Oncala, Amada.
|
| 245 |
0 |
2 |
|a Química :
|b Schaum
|c Amada Fernández Oncala, Carmen Pérez Escribano.
|
| 250 |
|
|
|a 2a. ed.
|
| 260 |
|
|
|a Barcelona :
|b McGraw-Hill,
|c 2005.
|
| 300 |
|
|
|a 168 p. :
|b gráficos ;
|c 24 cm.
|
| 505 |
0 |
|
|a La materia -- Clasificación de la materia. Mezclas y disoluciones -- Reacciones químicas y cálculos estequiométricos -- Termodinámica química -- Cinética química -- Equilibrio químico -- Reacciones ácido-base -- Equilibrio heterogéneo -- Reacciones de oxidación-reducción -- Estructura interna de la materia -- Enlace químico. Geometría molecular -- Química del carbono
|
| 594 |
|
|
|a DIPLOMATURA EN CIENCIA Y TECNOLOGIA
|
| 595 |
|
|
|a QUIMICA I
|
| 650 |
|
7 |
|a Química
|2 spines
|
| 650 |
|
7 |
|a Manuales
|2 spines
|
| 650 |
|
7 |
|a Reacciones químicas
|2 spines
|
| 650 |
|
7 |
|a Cinética
|2 spines
|
| 650 |
|
7 |
|a Termodinámica
|2 spines
|
| 653 |
|
|
|a Estequiometría
|
| 700 |
1 |
|
|a Pérez Escribano, Carmen,
|e aut.
|4 aut
|
| 929 |
|
|
|a COMPRA
|b Ciencia y Técnica
|c 1a. Compra 2014 Exp. 827-690/14
|d 850,00
|e 20141020
|f PAT0055869
|j 52193
|
| 929 |
|
|
|a COMPRA
|b Ciencia y Técnica
|c 1a. Compra 2014 Exp. 827-690/14
|d 850,00
|e 20141001
|f PAT0055220
|j 52203
|
| 929 |
|
|
|a COMPRA
|b Ciencia y Técnica
|c 1a. Compra 2014 Exp. 827-690/14
|d 850,00
|e 20141001
|f PAT0055221
|j 52204
|
| 929 |
|
|
|a COMPRA
|b Ciencia y Técnica
|c 2a Compra 2014 Exp. 827-689/14
|d 850,00
|e 20151123
|f PAT0061609
|j 54294
|
| 929 |
|
|
|a COMPRA
|b Ciencia y Técnica
|c 2a Compra 2014 Exp. 827-689/14
|d 850,00
|e 20151123
|f PAT0061610
|j 54295
|
| 929 |
|
|
|a COMPRA
|b Ciencia y Técnica
|c 2a Compra 2014 Exp. 827-689/14
|d 850,00
|e 20151123
|f PAT0061611
|j 54296
|
| 929 |
|
|
|a COMPRA
|b Ciencia y Técnica
|c 2a Compra 2014 Exp. 827-689/14
|d 850,00
|e 20151123
|f PAT0061612
|j 54297
|
| 942 |
|
|
|c LIB
|n 0
|